Sistema de atención integral a domicilio para adolescentes con calidad de vida disminuida Hospital Nacional de Niños
محفوظ في:
| المؤلف الرئيسي: | |
|---|---|
| مؤلفون آخرون: | , |
| التنسيق: | كتاب |
| منشور في: |
[San José, Costa Rica]
2008
|
| الموضوعات: | |
| الوسوم: |
إضافة وسم
لا توجد وسوم, كن أول من يضع وسما على هذه التسجيلة!
|
MARC
| LEADER | 00000nam a2200000Ia 4500 | ||
|---|---|---|---|
| 003 | 001035 | ||
| 005 | 20221231144103.0 | ||
| 008 | 140114s2008 cr a 000 ||s d | ||
| 040 | |c cru CEDI | ||
| 090 | |a TFG 5563 | ||
| 100 | |a Carrillo González, Ignacio |9 4568 | ||
| 245 | |a Sistema de atención integral a domicilio para adolescentes con calidad de vida disminuida Hospital Nacional de Niños | ||
| 260 | |c 2008 |b [San José, Costa Rica] | ||
| 300 | |a 163, [30] hojas; ilustraciones a color | ||
| 500 | |a Proyecto de graduación (licenciatura en ingeniería industrial)--Universidad de Costa Rica.. Facultad de Ingeniería. Escuela de Ingeniería Industrial | ||
| 650 | |x SERVICIOS DE ATENCION DOMICILIARIA |x ATENCION INTEGRAL DE SALUD |x MUCHACHOS ADOLESCENTES |x ENFERMEDADES |x CALIDAD DE VIDA |x HOSPITAL NACIONAL DE NIÑOS DR. CARLOS SAENZ HERRERA (COSTA RICA) |9 4571 | ||
| 700 | |9 4569 |a Castro Bolaños, Roberto | ||
| 700 | |9 4570 |a Echeverría Flores, Ricardo | ||
| 942 | |c TFG | ||
| 999 | |c 16698 |d 16698 | ||
